Time - Pink Floyd - Statistics

General Stats
  • This quiz has been taken 656 times
  • The average score is 139 of 182
Answer Stats
Answer % Correct
a
99%
the
97%
The
97%
day
95%
up
93%
You
93%
you
93%
you.
93%
to
92%
an
91%
way.
91%
way
91%
in
90%
is
89%
that
89%
and
88%
And
88%
away
88%
on
88%
time
88%
time.
88%
make
87%
moments
87%
of
87%
dull
83%
your
83%
one
82%
So
82%
Ticking
82%
run,
81%
run
81%
sun
81%
home
79%
No
79%
year
78%
behind
77%
when
76%
find
75%
then
75%
but
74%
gun.
74%
have
74%
missed
74%
starting
74%
ten
74%
told
74%
around
73%
years
73%
something
72%
or
70%
same
70%
town
70%
death.
69%
for
69%
older,
69%
piece
69%
you're
69%
got
68%
relative
68%
show
68%
catch
67%
it's
67%
again.
66%
closer
66%
ground
66%
sinking
66%
someone
66%
there
65%
Waiting
65%
rain.
64%
Shorter
64%
shorter
64%
sunshine
64%
with
64%
are
63%
come
63%
Tired
63%
waste
63%
watch
63%
breath
62%
hours
62%
life
62%
Every
61%
young
61%
getting
60%
kill
60%
today.
60%
long
58%
staying
58%
Kicking
57%
offhand
57%
fritter
56%
never
55%
seem
55%
over,
54%
more
52%
say.
52%
song
51%
gone,
50%
English
47%
Thought
47%
I'd
44%
desperation
42%
quiet
42%
Hanging
40%
Racing
40%
laying
35%
half
29%
lines
29%
Plans
29%
scribbled
28%
page
27%
either
23%
naught
22%
No matching quizzes found
Score Distribution
Percent of People with Each Score
Percentile by Number Answered
Your Score History
You have not taken this quiz